<?xml version="1.0" encoding="UTF-8"?>
<record
    xmlns:xsi="http://www.w3.org/2001/XMLSchema-instance"
    xsi:schemaLocation="http://www.loc.gov/MARC21/slim http://www.loc.gov/standards/marcxml/schema/MARC21slim.xsd"
    xmlns="http://www.loc.gov/MARC21/slim">

  <leader>01018nam a2200193 a 4500</leader>
  <controlfield tag="008">180918s1992    sp ||||g||||| 00| 0|spa d</controlfield>
  <datafield tag="020" ind1=" " ind2=" ">
    <subfield code="a">8401491363</subfield>
  </datafield>
  <datafield tag="041" ind1=" " ind2=" ">
    <subfield code="a">spa</subfield>
  </datafield>
  <datafield tag="092" ind1=" " ind2=" ">
    <subfield code="c">808.88</subfield>
    <subfield code="l">4</subfield>
    <subfield code="s">ASI</subfield>
  </datafield>
  <datafield tag="100" ind1="1" ind2=" ">
    <subfield code="a">Asimov, Isaac</subfield>
    <subfield code="9">4277</subfield>
  </datafield>
  <datafield tag="245" ind1=" " ind2=" ">
    <subfield code="a">Azazel /</subfield>
    <subfield code="c">Isaac Asimov</subfield>
  </datafield>
  <datafield tag="250" ind1=" " ind2=" ">
    <subfield code="a">5a ed.</subfield>
  </datafield>
  <datafield tag="260" ind1=" " ind2=" ">
    <subfield code="a">Barcelona:</subfield>
    <subfield code="b">Plaza &amp; Janes;</subfield>
    <subfield code="c">1992.</subfield>
  </datafield>
  <datafield tag="300" ind1=" " ind2=" ">
    <subfield code="a">249 p.</subfield>
  </datafield>
  <datafield tag="500" ind1=" " ind2=" ">
    <subfield code="a">Asimov, I. (1992). Azazel. (5a ed.). Barcelona : Plaza &amp; Janes.</subfield>
  </datafield>
  <datafield tag="505" ind1=" " ind2=" ">
    <subfield code="a">Isaac Asimov dedica aqu&#xED; su pluma y su imaginaci&#xF3;n sin l&#xED;mites a la fantas&#xED;a, y nos ofrece dieciocho fascinantes relatos que, sin duda, deleitar&#xE1;n a todos los aficionados al g&#xE9;nero, as&#xED; como a los innumerables admiradores de este autor. Azazel es un demonio de dos cent&#xED;metros, dotado con una impetuosa personalidad y maravillosos poderes m&#xE1;gicos. El &#xFA;nico problema es que este singular ser posee poca comprensi&#xF3;n de las cuestiones humanas y sus intervenciones producen situaciones sorprendentes. </subfield>
  </datafield>
  <datafield tag="655" ind1=" " ind2=" ">
    <subfield code="a">Literatura</subfield>
    <subfield code="9">2917</subfield>
  </datafield>
  <datafield tag="942" ind1=" " ind2=" ">
    <subfield code="2">ddc</subfield>
    <subfield code="c">LIT</subfield>
  </datafield>
  <datafield tag="999" ind1=" " ind2=" ">
    <subfield code="c">3222</subfield>
    <subfield code="d">3222</subfield>
  </datafield>
  <datafield tag="952" ind1=" " ind2=" ">
    <subfield code="0">0</subfield>
    <subfield code="1">0</subfield>
    <subfield code="2">ddc</subfield>
    <subfield code="4">0</subfield>
    <subfield code="7">0</subfield>
    <subfield code="a">BFM</subfield>
    <subfield code="b">BFM</subfield>
    <subfield code="c">CR</subfield>
    <subfield code="d">2024-12-12</subfield>
    <subfield code="e">Donaci&#xF3;n Diciembre 2024. Sede Tordos.</subfield>
    <subfield code="l">0</subfield>
    <subfield code="o">808 4 ASI</subfield>
    <subfield code="p">4963</subfield>
    <subfield code="r">2024-12-12</subfield>
    <subfield code="t">Ej.1</subfield>
    <subfield code="w">2024-12-12</subfield>
    <subfield code="y">LIT</subfield>
    <subfield code="z">Donaci&#xF3;n Diciembre 2024. Sede Tordos.</subfield>
    <subfield code="f"></subfield>
  </datafield>
</record>
